000 00737nam a22002417a 4500
003 UA-OsUOA
001 36937
007 ta
008 20060216b un ||||| |||| 00| 0 ukr d
100 _aЗлупко С.
090 _a330. 1
_bЗ 68
942 _cBK
040 _aUA-OsUOA
_bukr
_cUA-OsUOA
_dUA-OsUOA
245 _aВід археології до економіки, регіоніки, кібернетики і екомології
_bВибрані дослідження
300 _a584 с.
955 _a2
041 _aukr
080 _a330. 1
020 _a966-613-024-6
260 _aЛьвів
_bЛНУ імені І. Франка
_c2001
650 7 _a330 Економіка взагалі
_2UDC
999 _c323174
_d323174